LEADER 00646nam a2200217 i 4500 001 000000103759 003 CaOOAMICUS 005 20191028154910.0 008 011012s1986 it u000 u ita u 013 $a75940 020 $a88-02-04057-5 040 $aSeMil$bita 245 10$aJe-Ma. 300 $aXIII, 747 p. 773 0 $tBiografie.$gVolume4$w()3304 850 $aSeMil 852 $aSeMil$W1$xVenegono$y1$mSL1.B V 8$j60210$B60210$CSeMilBibl$Z2$F44674 $8I 961 $aAcquisto: UTET (Agente) 996 $6020$a88-02-04057-5$9(OLS)http://semarc/number/83646 996 $6245$aJe-Ma$9(OLS)http://semarc/title/150581 LEADER 01153nam a2200253 i 4500 001 000000229288 003 CaOOAMICUS 005 20140505000000.0 008 140505s1962 xx u000 u fre u 013 $a208190 040 $aSeMil$bita 100 1 $aFeuillet, André .$0(OLS)http://semarc/name/5232 245 10$aÉtudes Johanniques /$cA. Feuillet. 260 $aParis ; Louvain :$bDesclée de Brouwer,$ccopyr. 1962. 300 $a313 p. ;$c21 cm. 490 0 $aMuseum Lessianum ;$v. Section Biblique 490 0 $aMuseum Lessianum. Section Biblique ;$v4 650 4$aBibbia. Nuovo Testamento. Vangelo secondo Giovanni - Commentari, studi, critica, interpretazioni.$0(OLS)http://semarc/subject/119 830 0$aMuseum Lessianum ;$v. Section Biblique.$0(OLS)http://semarc/title/23909 830 0$aMuseum Lessianum. Section Biblique ;$v4.$0(OLS)http://semarc/title/40546 850 $aSeMil 852 $aSeMil$W1$xVenegono$y1$m2Z I 47$j179634$B179634$CSeMilBibl$Z2$F190745 $81 996 $6245$aÉtudes Johanniques$9(OLS)http://semarc/title/327974 996 $6260$aParis ; Louvain :$bDesclée de Brouwer$9(OLS)http://semarc/publisher/38003